| 000 | 00965nam a22002537a 4500 | ||
|---|---|---|---|
| 003 | OSt | ||
| 005 | 20210302142315.0 | ||
| 008 | 210302s2017 ck abe gr|||| 00| 0 spa d | ||
| 020 | _a9789588323886 | ||
| 040 |
_aCO-JMCR _cCO-JMCR |
||
| 041 | 0 | _aspa | |
| 082 | 0 | 4 |
_a910.02 / _bI597g _223 |
| 110 | 2 |
_aInstituto Geográfico Agustín Codazzi _eautor _9424 |
|
| 245 | 1 | 0 |
_aGeografía para niños / _cInstituto Geográfica Agustín Codazzi |
| 250 | _aSegunda edición | ||
| 260 |
_aBogotá : _bImprenta Nacional de Colombia, _c2017 |
||
| 300 |
_a264 [20] páginas : _bilustraciones, mapas y planos ; _c31 cm. |
||
| 504 | _aBibliografía : páginas 258-259. | ||
| 505 | 0 | _aConozcamos nuestro espacio -- Representemos nuestro territorio -- Explorando el planeta tierra -- La gente de mi país -- Un paseo por Colombia | |
| 650 | 1 | 4 |
_aCoordenadas geográficas _914251 |
| 650 | 2 | 4 |
_aMapas _xenseñanza _914252 |
| 650 | 2 | 4 |
_aSistema solar _914253 |
| 942 |
_2ddc _cBK |
||
| 999 |
_c7412 _d7412 |
||